000 00735nam a22002657a 4500
003 OSt
005 20260423140441.0
007 ta
008 260423b bl ||||| |||| 00| 0 por d
020 _a8573220279
_q(broch.)
040 _bpor
_cOSt
041 0 _apor
_hpor
082 _a342.655
_bB277m
100 1 _aBarros, Alice Monteiro de
_d1946-2014
_91132
210 _2A mulher e o direito do trabalho
245 1 2 _aA mulher e o direito do trabalho /
260 _aSão Paulo :
_bLTr,
_c1995.
300 _a559 p. :
_c23 cm
504 _aBibliografia: p. 507-559
650 0 4 _aDireito do trabalho
650 0 4 _aMulheres-Trabalho
650 0 4 _aLeis e legislação
650 0 4 _aMulheres-Trabalho-Brasil
942 _2ddc
_cLIV
_n0
999 _c828
_d828